Pocketbook of Neurological Physiotherapy (Record no. 10278)

MARC details
000 -LEADER
fixed length control field 00378nam a2200145Ia 4500
008 - FIXED-LENGTH DATA ELEMENTS--GENERAL INFORMATION
fixed length control field 230312s9999||||xx |||||||||||||| ||und||
020 ## - INTERNATIONAL STANDARD BOOK NUMBER
International Standard Book Number 0-443-06854-6
082 ## - DEWEY DECIMAL CLASSIFICATION NUMBER
Classification number 615.82
Item number LEN-P
100 ## - MAIN ENTRY--PERSONAL NAME
Personal name Lennon;Sheila
245 #0 - TITLE STATEMENT
Title Pocketbook of Neurological Physiotherapy
260 ## - PUBLICATION, DISTRIBUTION, ETC.
Name of publisher, distributor, etc. Elsevier
Place of publication, distribution, etc. China
Date of publication, distribution, etc. 2009
300 ## - PHYSICAL DESCRIPTION
Extent 317
650 ## - SUBJECT ADDED ENTRY--TOPICAL TERM
Topical term or geographic name entry element Physiotherapy
Form subdivision Physio therapy
942 ## - ADDED ENTRY ELEMENTS (KOHA)
Koha item type BOOK
Holdings
Withdrawn status Lost status Source of classification or shelving scheme Damaged status Not for loan Home library Current library Date acquired Total Checkouts Full call number Barcode Date last seen Price effective from Koha item type
    Dewey Decimal Classification     Superior Information Resource Center (SIRC) Superior University- Main Campus Superior Information Resource Center (SIRC) Superior University- Main Campus 03/13/2023   615.82 LEN-P 10390 03/13/2023 03/13/2023 BOOK

Powered by Koha